000 006230000a22001810004500
003 MACL
005 20160512154225.0
008 160512b xxu||||| |||| 00| 0 eng d
040 _aMACL
_cMACL
041 _aHindi
082 _a891.431
100 _aसिंह, राजेन्‍द्र प्रसाद
_956460
245 _aसदी के इस छोर से
_cराजेन्‍द्र प्रसाद सिंह
260 _bसमीक्षा प्रकाशन
_c1999
_aमुजफफरपुर
350 _a80
650 _aPoetry
_956461
942 _cHIN
_k891.431/SIN/P
_2ddc
999 _c12242
_d12242